Normal view
MARC view
Entry Topical Term
001 - CONTROL NUMBER
- control field: 21034
003 - CONTROL NUMBER IDENTIFIER
- control field: OSt
005 - DATE AND TIME OF LATEST TRANSACTION
- control field: 20211105134539.0
008 - FIXED-LENGTH DATA ELEMENTS
- fixed length control field: 211105|| aca||aabn | a|a d
040 ## - CATALOGING SOURCE
- Original cataloging agency: OSt
- Transcribing agency: OSt
150 ## - HEADING--TOPICAL TERM
- Topical term or geographic name entry element: Star formation, Role of dust, Very large telescope
670 ## - SOURCE DATA FOUND
- Source citation: Work cat.: (OSt): Kaufl,H. U 21033, The role of dust in the formation of stars, 1996